Reading for meaning / (Record no. 42871)

MARC details
000 -LEADER
fixed length control field 00761nam a22001937a 4500
005 - DATE AND TIME OF LATEST TRANSACTION
control field 2010082105405.0
010 ## - LCCN (DPL NO)
LC control number ENG-101254
020 ## - INTERNATIONAL STANDARD BOOK NUMBER
International Standard Book Number 9788174509017
Terms of availability 55.00
035 ## - SYSTEM CONTROL NUMBER
System control number EN-84787
037 ## - SOURCE OF ACQUISITION
Source of stock number/acquisition DBAD/PUB
082 ## - DEWEY DECIMAL CLASSIFICATION NUMBER
Classification number 372.41
245 ## - TITLE STATEMENT
Title Reading for meaning /
Statement of responsibility, etc edited by sonika Kaushik
260 ## - PUBLICATION, DISTRIBUTION, ETC. (IMPRINT)
Place of publication, distribution, etc New Delhi
Name of publisher, distributor, etc National Council of Educational Research and Training
Date of publication, distribution, etc 2008
270 ## - ADDRESS
Address National Council of Educational Research and Training Shri Aurobindo Marg
City New Delhi
Postal code 110016
300 ## - PHYSICAL DESCRIPTION
Extent vi, 128p
Dimensions 21cm(pbk)
700 ## - ADDED ENTRY--PERSONAL NAME
Personal name Kaushik Sonika
9 (RLIN) 15912
942 ## - ADDED ENTRY ELEMENTS (KOHA)
Source of classification or shelving scheme Dewey Decimal Classification
Item type English Books
Classification part 372.41
Call number suffix REA
Holdings
Withdrawn status Lost status Not for loan Collection code Home library Current library Date acquired Source of acquisition Cost, normal purchase price Full call number Barcode Copy number Cost, replacement price Koha item type
    Not For Loan Non-fiction D.B.Act.Division D.B.Act.Division 21/08/2010 DBAD/PUB 55.00 372.41 REA EN-84787 1 55.00 English Books

© Delhi Public Library
Hit Counter
free hit counter